000 00701nam a22001577a 4500
080 _a343.97 G 132
100 _4aut
_aGalarraga, Hernan Maria
245 _aTiro al Pichon.
_breflexiones criticas acerca de los medios de comunicacion, su construccion de la criminalidad y relacion con el sistema penal
300 _a280 P.
500 _aDirector de tesis: Bombini, Gabriel
502 _aTesis ( Master)--Universidad Nacional de Mar del Plata. Facultad de Derecho. Departamento de Posgrado, 2010.
504 _aTiene Bibliografia:P. 275 a 279.
650 _2IEDCYT
_amedios de comunicacion
_acriminalizacion
_aprotesta social
_aterrorismo de Estado
_apiquetes
945 _acd
_d2017-06-15
999 _c4496
_d235000